Countries with second letter U - Statistics

General Stats
  • This quiz has been taken 73 times
    67 since last reset
  • The average score is 17 of 20
Answer Stats
Answer % Correct
Australia
98%
Turkey
96%
Austria
94%
Sudan
86%
Turkmenistan
86%
Burundi
84%
Guyana
84%
Tuvalu
84%
Guinea
82%
Hungary
82%
Luxembourg
82%
Cuba
80%
Russia
80%
Suriname
80%
Bulgaria
78%
Guinea Bissau
78%
Kuwait
78%
Guatemala
76%
Tunisia
75%
Burkina Faso
71%
No matching quizzes found
Score Distribution
Percent of People with Each Score
Percentile by Number Answered
Your Score History
You have not taken this quiz since the last reset